00762nam a22002297a 4500001000500000005001700005020001800022040002900040082001000069100001900079245008600098260005000184300002000234505000700254520015800261521002600419521001700445650001100462650001200473650001300485700003400498211120250612085745.0 a9789814281157 aFISKHbengcFISKHdFISKH a428.6 aSmith, Annette aThe brave little tailor /cRetold by Annetta Smith Illustrated by Chantal Stewart aVictoria :bCengage Learning Australia,c1998 a32 pagesc21 cm aH  aThis 'tongue-in-cheek' traditional tale may have been invented when belief in giants (and unicorns, omitted from this brief retelling) had begun to fade. a500 bLexile estimate aH bRaz-Plus aTailor aBravery aFolktale aStewart, ChantaleIllustrator